000 00604nam a2200193Ia 4500
005 20250508164859.0
008 008 250505s9999 xx 000 0 eng d
037 _aDissertations
040 _aFEDL
_beng
_cFEDL
041 _aeng
_2eng
084 _a371.3, MAN/DI
_qFEDL
100 _aManish
245 0 _aDevelopment and validation of a multimedia package to facilitate teaching of selected topics in statistics at the +2 stage
260 _c2004
300 _a70p.
546 _aM.Ed Dissertation (Delhi University)
942 _cDIS
_h371.3, MAN/DI
999 _c1391764
_d1391764